| 000 | 00577nam a22001577a 4500 | ||
|---|---|---|---|
| 020 | _a81-261-1392-8 | ||
| 082 |
_a519 _bRAJ/M |
||
| 100 | _aSUNDARA RAJAN, S | ||
| 245 | _aMICROORGANISMS | ||
| 250 | _aFIRST EDITION | ||
| 260 |
_aDELHI _bANMOL PUBLICATIONS PVT LTD _c2003 |
||
| 300 | _a308 | ||
| 520 | _aTHE BOOK IN ITS 12 CHAPTERS PROVIDES A GENERAL SURVEY OF ALL GROUPS OF MICROBES SUCHA AS VIRUSES, MYCOPLASMA, PROTOZOA ETC. TEXT FOR STUDENTS OF LIFE SCIENCE, PHARMACY, AGRICULTURE AT THE GRADUATE AND POST GRADUATE LEVEL | ||
| 650 |
_aBIOLOGY REFERENCE _zINDIA |
||
| 942 | _cBK | ||
| 999 |
_c1373 _d1373 |
||